| 000 | 00400nam a2200169Ia 4500 | ||
|---|---|---|---|
| 008 | 221030s9999 xx 000 0 und d | ||
| 020 | _a8173170649 | ||
| 041 | _aEnglish | ||
| 082 |
_a105.23 _bWyl |
||
| 100 | _aC. R. Wylie | ||
| 245 | 0 | _aAdvanced Engineering Mathematics | |
| 260 |
_bTMH _aNew Delhi _c1985 |
||
| 300 | _a1103 | ||
| 650 | _aBE Mathematics | ||
| 700 | _aL. C. Barrett | ||
| 942 | _cBK | ||
| 999 |
_c1198 _d1198 |
||